Seminario sobre Yo el Supremo de Augusto Roa Bastos

Збережено в:
Бібліографічні деталі
Формат: Книга
Мова:Undetermined
Опубліковано: Poitiers, Francia Centre de Recherchers Latino - Américaines de l'Université de Poitiers 1976
Предмети:
Теги: Додати тег
Немає тегів, Будьте першим, хто поставить тег для цього запису!

MARC

LEADER 00000nam a2200000Ia 4500
008 170316s9999 xx 000 0 und d
040 |a cru BVZT 
090 |a A-860 S-2.1s 
245 |a Seminario sobre Yo el Supremo de Augusto Roa Bastos 
260 |a Poitiers, Francia 
260 |b Centre de Recherchers Latino - Américaines de l'Université de Poitiers 
260 |c 1976 
300 |a 182 páginas 
650 |a LITERATURA LATINOAMERICANA 
650 |a ANTOLOGÍA 
999 |c 12539  |d 12539 
942 |c 15 D  |h A-860 S-2.1s  |2 z